The First Track of Every Mario Kart Game - Statistics

General Stats
  • This quiz has been taken 8 times
  • The average score is 7 of 9
Answer Stats
Question Answer % Correct
What is the first track of Super Mario Kart? Mario Circuit 1
100%
What is the first track of Mario Kart Double Dash!! ? Luigi Circuit
86%
What is the first track of Mario Kart Wii? Luigi Circuit
86%
What is the first track of Mario Kart World? Mario Bros. Circuit
86%
What is the first track of Mario Kart 8 / Mario Kart 8 Deluxe? Mario Kart Stadium
86%
What is the first track of Mario Kart 7? Toad Circuit
86%
What is the first track of Mario Kart DS? Figure-8 Circuit
71%
What is the first track of Mario Kart 64? Luigi Raceway
71%
What is the first track of Mario Kart Super Circuit? Peach Circuit
71%
No matching quizzes found
Score Distribution
Percent of People with Each Score
Percentile by Number Answered
Your Score History
You have not taken this quiz